000 00444nam a2200193Ia 4500
003 OSt
005 20231030161042.0
008 210210b1892 xxu||||| |||| 00| 0 eng d
040 _cAL
041 _aeng
082 _a825/1070
100 _aCARLYLE
_9140062
245 _aNichol
260 _aLondon
_bMacmillan & Co. Ltd.
_c1892
650 _aNichol
_9140063
690 _aEnglish Criticism
_9140064
906 _a015385
942 _2ddc
_cBK
999 _c134745
_d134745